L' aventure de l' art au XXe siecle
Αποθηκεύτηκε σε:
| Μορφή: | Βιβλίο |
|---|---|
| Γλώσσα: | French |
| Δημοσίευση: |
[Paris] :
Chene,
1999
|
| Θέματα: | |
| Ετικέτες: |
Προσθήκη ετικέτας
Δεν υπάρχουν, Καταχωρήστε ετικέτα πρώτοι!
|
MARC
| LEADER | 00000nam a2200000 i 4500 | ||
|---|---|---|---|
| 001 | 1/17384 | ||
| 008 | 010221s1999 fre d | ||
| 020 | |a 2-84277-181-8 | ||
| 035 | |l 10066116 | ||
| 040 | |a GR-MY-UA |b gre |e aacr | ||
| 041 | 0 | |a fre | |
| 082 | 0 | |a 709.04 | |
| 245 | 1 | 3 | |a L' aventure de l' art au XXe siecle / |c [Directeur de la publication Jean-Louis Ferrier, avec la collaboration de Yann le Pichon] |
| 260 | |a [Paris] : |b Chene, |c 1999 | ||
| 300 | |a 1007 p.; |b ill.; |c 32 cm. | ||
| 504 | |a Includes bibliographical references and index | ||
| 650 | 0 | 0 | |a Art, Modern |y 20th century |x History. |
| 700 | 1 | |a Ferrier, Jean Louis. |4 pbl | |
| 700 | 1 | |a Le Pichon, Yann. |4 oth | |
| 852 | |a INST |b SYROS |e 20010221 |h 709.04 AVE |p 005500001398 |q 005500001398 |t REF |y 23 | ||
| 901 | |a BIBL5-2001-1 | ||
| 909 | |a Ε |b 084756 | ||
| 922 | |a 5ΕΛΗ |b 200012 |c ΓΡΑΦΙΚΩΝ ΤΕΧΝΩΝ |d ΜΙΧΑΛΟΠΟΥΛΟΣ | ||
| 950 | |a 183-2000-09-18 | ||
| 970 | |a ΚΟΝΤΟΥ |b ΠΑΡΑΣΚΕΥΗ |z 2001/02/21 | ||